tracklist enter the 36th chamber Wu-Tang Clan - Statistiques

Statistiques générales
  • Ce quiz a été pris 10 fois
  • Le résultat moyen est 8 sur 12
Statistiques - réponses
Hint Réponse % Correct
9 Method Man
100%
3 Clan In Da Front
89%
8 C.R.E.A.M
89%
11 Tearz
78%
1 Bring Da Ruckus
67%
5 Can It Be All So Simple
67%
6 Da Mystery Of Chessboxin'
67%
10 Protect Ya Neck"
67%
2 Shame On A Nigga
67%
4 Wu-Tang: 7th Chamber
44%
12 Wu-Tang: 7th Chamber - Part II
22%
7 Wu-Tang Clan Ain't Nuthing Ta F' Wit
22%
Aucun quiz correspondant
Distribution des résultats
% des personnes avec chaque résultat
Percentile par nombre de réponses
Votre historique - résultats
Vous n’avez pas pris ce quiz